000 00470cam a2200157 a 4500
001 000007278
005 20200929154123.0
008 830924s1979 pr 000 0 spa d
020 _a8449907292
040 _aDO-SdBNP
_bspa
_cBNPHU
082 _axxx
_bD542
100 1 _aDíaz Montero, Aníbal,
_b1911-
_920187
245 1 0 _aEscandinavia y Rusia :
_b(Crónicas) /
_cAníbal Díaz Montero.
260 _aSan Juan, Puerto Rico :
_bDiaz Mont,
_c1979.
300 _a88 p. ;
_c22 cm.
999 _c7059
_d7059